Гърция (Запис номер 149232)
[ съкратено ]
| 000 -Лидер | |
|---|---|
| Контролно поле с фиксирана дължина | nam a22 a 4500 |
| 003 - Код на организацията, давaща контролен номер | |
| Контролно поле | BLK |
| 005 - Дата и час на последна редакция | |
| Контролно поле | 20211111134550.0 |
| 008 - Елементи от данни с фиксирана дължина | |
| fixed length control field | 180410b bul|||||r ||||||| ||bul|| |
| 010 ## - Наследен системен номер | |
| LC control number | KNG00155476000 |
| 020 ## - Международен стандартен номер на книга ISBN | |
| Международен стандартен номер на книга ISBN | 954-428-028-6 |
| 040 ## - Източник на каталожния запис | |
| Идентификатор на билиотеката - собственик на записа | BLK |
| 041 ## - Код за език | |
| Код за езика на текст/звукозапис или на отделно заглавие | Български |
| Код за езика КДБФ | Български |
| 080 ## - УДК | |
| Текстов определител УДК | История на Гърция (до 323 г. н. е.). Древна Гърция |
| УДК код - определител по УДК | 94(38) |
| УДК - код + определител | 94(38) |
| 100 1# - Редна дума - Автор | |
| Автор | Пауъл, Антън |
| Авторска отговорност | първи автор |
| R(LIN) | 330386 |
| 139 ## - Редно поле | |
| Редна дума | Пауъл, Антън |
| Авторски знак | Пау - П 29 |
| 245 10 - Сведения за заглавието | |
| Заглавие | Гърция |
| Подзаглавни данни | 1600 - 30 г. пр. н. е. : Науч.-попул. четиво за юноши |
| Редно поле (дума) | Антън Пауъл; прев. от англ. Юлия Гешакова; худож. Роб Шоун. |
| 257 ## - Страна на издаване | |
| Страна на създаване/издаване | Великобритания |
| 260 ## - Област на издателските данни | |
| Име на издателя, разпространителя и проч. | Хемус |
| -- | Аладин Букс |
| Година на издаване | 1993 |
| Място на издаване, разпространение и проч. | София |
| 300 ## - Физическа характеристика | |
| Страници | 32 с. |
| Илюстрации и др. | с цв. ил. |
| Размери/Мащаб | 29 см |
| 380 ## - Жанр | |
| Жанр | Детска отраслова лит. |
| 490 ## - СЕРИИ (Колекции) | |
| Име на серия | Древни цивилизации |
| 9 (RLIN) | 201217 |
| 500 ## - Общи забележки | |
| Забележка | Без сведение за ориг. загл. - 15 500 тир. - Предм. показалец. |
| 650 #4 - Допълнително описание по предмет – тема | |
| Основно описание – тема или топоним | Древна Гърция - история |
| 9 (RLIN) | 244549 |
| 651 #4 - Допълнително описание по предмет - топоним | |
| Географско понятие | Древна Гърция |
| 9 (RLIN) | 242869 |
| 653 ## - Ключова дума – ненормативна | |
| Ключова дума | Древна Гърция |
| 653 ## - Ключова дума – ненормативна | |
| Ключова дума | история |
| 700 1# - Други автори (авторска отговорност) | |
| Лично име | Гешакова, Юлия |
| Автороска отговорност (Описва отношението между автора и произведението) | прев. от англ. |
| Друга информация | Тошева, Юлия Божидарова |
| 9 (RLIN) | 53868 |
| 700 1# - Други автори (авторска отговорност) | |
| Лично име | Шоун, Роб |
| Автороска отговорност (Описва отношението между автора и произведението) | худож. |
| 9 (RLIN) | 144082 |
| 852 ## - Местоположение | |
| Форматна сигнатура | Цб ІІ 19747 |
| 856 4# - Електронен адрес и достъп | |
| Електронен формат | pdf - файл |
| 856 4# - Електронен адрес и достъп | |
| Електронен формат | pdf - файл |
| 999 ## - СИСТЕМНИ КОНТРОЛНИ НОМЕРА | |
| Koha biblionumber | 149232 |
| Koha biblioitemnumber | 149232 |
| 942 ## - АРТИКУЛИ | |
| Вид на библиотечния материал | Книги |
| Скрит в OPAC | Не |
| Koha issues (borrowed), all copies | 3 |
| Периодичен библиозапис | Да |
| 944 ## - СЪЗДАВАНЕ И РЕДАКЦИЯ на ЗАПИСА | |
| Създаване/Редакция | Създаване |
| Дата на регистрацията/редакция | 09.01.2014 |
| Статус, дата на статуса | 09.01.2014 - от С1,Р / 09.01.2014 |
| Служител, извършил регистрацията/редакцията | Даниел_Канатов |
| 944 ## - СЪЗДАВАНЕ И РЕДАКЦИЯ на ЗАПИСА | |
| Създаване/Редакция | Редакция |
| Дата на регистрацията/редакция | 09.01.2014 |
| Статус, дата на статуса | 09.01.2014 - от С1,Р / 09.01.2014 |
| 999 ## - СИСТЕМНИ КОНТРОЛНИ НОМЕРА | |
| Koha biblioitemnumber | 149232 |
| Код за отписване | Код за изгубен артикул | Източник на класификационната схема | Код за повреда | Коз за рестрикции | Код за отдаване | Артикулен № | Име на библиотеката - собственик | Име на библиотеката, в която се намира в момента | Статус (Текущо местоположение) | Дата на вписване в системата | Местоположение - отдел | Цена в лева | Инвентарен номер | Систематично азбучна сигнатура | Баркод | Номер на екземпляра | Цена в евро | Служебна бележка | Служебен тип на артикула |
|---|---|---|---|---|---|---|---|---|---|---|---|---|---|---|---|---|---|---|---|
| Не е изгубен | Universal Decimal Classification | Не е повреден | само за читалня | ползва се в читалня | 248983 | Регионална библиотека "Любен Каравелов" Русе | Регионална библиотека "Любен Каравелов" Русе | Хранилище | 1993-01-01 | Хранилище | 0.95 | 582085 | Цб ІІ 19747 | 120000582085 | 1 | 0.49 | Дост: Dp Вид: Д N: стар фонд Дата: 01.01.1993 | Книги | |
| Не е изгубен | Universal Decimal Classification | Не е повреден | без рестрикции | заемане за дома | 248984 | Регионална библиотека "Любен Каравелов" Русе | Регионална библиотека "Любен Каравелов" Русе | Детски отдел | 1993-01-01 | Детски отдел | 0.95 | 580917 | ДН 931/939/П 29 | 120000580917 | 2 | 0.49 | Дост: Pk Вид: Ф N: стар фонд Дата: 01.01.1993 Дата инв: 18.08.2015 Бележки инв: Д2015 | Книги | |
| Изтеглен | Не е изгубен | Universal Decimal Classification | Не е повреден | без рестрикции | заемане за дома | 248985 | Регионална библиотека "Любен Каравелов" Русе | Регионална библиотека "Любен Каравелов" Русе | Детски отдел | 1993-01-01 | Детски отдел | 1.89 | 580918 | ДН 931/939/П 29 | 580918 | 3 | 0.97 | Дост: Pk Вид: Ф N: стар фонд Дата: 01.01.1993 Дата инв: 25.08.2015 Бележки инв: Д2015 | Книги |
| Изтеглен | Не е изгубен | Universal Decimal Classification | Не е повреден | без рестрикции | заемане за дома | 248986 | Регионална библиотека "Любен Каравелов" Русе | Регионална библиотека "Любен Каравелов" Русе | Заемна - подръчен фонд | 1993-01-01 | Заемна - подръчен фонд | 1.89 | 580920 | П 931/939/П 29 | 580920 | 4 | 0.97 | Дост: Pk Вид: Ф N: стар фонд Дата: 01.01.1993 | Книги |